Investigación comercial
Guardat en:
| Autor principal: | |
|---|---|
| Format: | Llibre |
| Idioma: | espanyol |
| Publicat: |
Madrid
Universidad Rey Juan Carlos
2012
|
| Edició: | 3a. ed |
| Matèries: | |
| Etiquetes: |
Afegir etiqueta
Sense etiquetes, Sigues el primer a etiquetar aquest registre!
|
MARC
| LEADER | 00000cam a2200000 a 4500 | ||
|---|---|---|---|
| 001 | UCD6395 | ||
| 003 | CL-VaPUC | ||
| 008 | 161209e20120000sp |||||||||||||||||spa|d | ||
| 020 | |a 9786077076650 | ||
| 082 | 0 | 4 | |a 658.83 |b GAR |2 21 |
| 100 | 0 | |a García Ferrer, Gemma |e author |9 590229 | |
| 245 | 1 | 0 | |a Investigación comercial |
| 250 | |a 3a. ed | ||
| 300 | |a 277 p | ||
| 942 | |c BK | ||
| 945 | |d 20161209 23:21:00 |a dcastane | ||
| 260 | |a Madrid |b Universidad Rey Juan Carlos |c 2012 | ||
| 650 | 0 | |a Análisis de mercado |9 260838 | |
| 650 | 0 | |a Análisis de datos |9 269871 | |
| 650 | 0 | |a Análisis financiero |9 264523 | |
| 583 | |a last modification |c 20161209 23:21:00 |k Rodrigo Vera | ||
| 999 | |c 366746 |d 366744 | ||